Kỹ thuật trồng một số cây rau quả giàu vitamin

Bewaard in:
Bibliografische gegevens
Hoofdauteur: Trần, Thế Tục
Formaat: Boek
Taal:Undetermined
Gepubliceerd in: Hà Nội Nông Nghiệp 2004
Onderwerpen:
Tags: Voeg label toe
Geen labels, Wees de eerste die dit record labelt!
Thư viện lưu trữ: Trung tâm Học liệu Trường Đại học Cần Thơ
LEADER 00659nam a2200229Ia 4500
001 CTU_93168
008 210402s9999 xx 000 0 und d
020 |c 12000 
082 |a 635 
082 |b T506 
100 |a Trần, Thế Tục 
245 0 |a Kỹ thuật trồng một số cây rau quả giàu vitamin 
245 0 |c Trần Thế Tục, Nguyễn Ngọc Kính 
260 |a Hà Nội 
260 |b Nông Nghiệp 
260 |c 2004 
526 |a Cây rau 
526 |b NN187 
650 |a Horticulture 
650 |x Vegetables 
904 |i Tuyến,Hải 
980 |a Trung tâm Học liệu Trường Đại học Cần Thơ